The agenda-setting power of the Prime Minister party in coalition governments (Record no. 509547)

000 -LEADER
fixed length control field 01800nam a2200181 4500
008 - FIXED-LENGTH DATA ELEMENTS--GENERAL INFORMATION
fixed length control field 190514b ||||| |||| 00| 0 eng d
100 ## - MAIN ENTRY--PERSONAL NAME
Personal name Green-Pedersen, Christoffer et al
245 ## - TITLE STATEMENT
Title The agenda-setting power of the Prime Minister party in coalition governments
260 ## - PUBLICATION, DISTRIBUTION, ETC. (IMPRINT)
Date of publication, distribution, etc 2018
300 ## - PHYSICAL DESCRIPTION
Extent p.743-756.
520 ## - SUMMARY, ETC.
Summary, etc Despite coalition governments being the most widespread form of government, many aspects of coalition politics are still poorly understood. This is especially true for questions relating to the role of the prime minister party within the coalition. Being the prime minister party seems to imply considerable influence, but little evidence actually exists as to the factors shaping the influence of the prime minister. This paper offers a new approach to studying the factors conditioning the influence of the prime minister party in a coalition. The approach is focused on the extent of issue overlap between the party manifesto of the prime minister party and the first government speech after the election. This approach makes it possible to actually analyze the factors shaping the influence of the prime minister party. The results show that the PM party is constrained by the issue emphasis of its coalition partners but less so when it holds dissolution power and more, also when it has many coalition partners when controlling for the seat share of the PM party. The paper, thus, both offers a new approach to study the coalition compromise and new evidence on the factors shaping the influence coming from holding the PM position. - Reproduced.
650 ## - SUBJECT ADDED ENTRY--TOPICAL TERM
Topical term or geographic name as entry element Coalition governments
9 (RLIN) 4081
700 ## - ADDED ENTRY--PERSONAL NAME
Personal name Mortensen, Peter B.
9 (RLIN) 5519
700 ## - ADDED ENTRY--PERSONAL NAME
Personal name So, Florence
9 (RLIN) 5520
773 ## - HOST ITEM ENTRY
Main entry heading Political Research Quarterly
906 ## - LOCAL DATA ELEMENT F, LDF (RLIN)
Subject DIP Prime ministers
942 ## - ADDED ENTRY ELEMENTS (KOHA)
Source of classification or shelving scheme
Item type Articles
Holdings
Withdrawn status Lost status Source of classification or shelving scheme Damaged status Not for loan Permanent location Current location Date acquired Serial Enumeration / chronology Barcode Date last seen Koha item type
          Indian Institute of Public Administration Indian Institute of Public Administration 2019-05-14 71(4), Dec, 2018: p.743-756. AR119704 2019-05-14 Articles

Powered by Koha